[Event "Europa ch 2014"]
[Site "Yerevan ARM"]
[Date "2014.03.05"]
[Round "3.67"]
[White "Savchenko, Boris"]
[Black "Birnboim, Nathan"]
[Result "1-0"]
[WhiteElo "2560"]
[BlackElo "2353"]
[PlyCount "109"]
[EventDate "2014.03.03"]
[EventType "swiss"]
[EventRounds "11"]
[EventCountry "ARM"]
[Source "lmi"]
[SourceDate "2014.03.02"]

1. e4 e5 2. Nf3 Nc6 3. Bb5 Nf6 4. Qe2 a6 5. Ba4 b5 6. Bb3 Bc5 7. d3 d6 8. c3
Be6 9. Nbd2 O-O 10. Nf1 h6 11. h3 Bb6 12. g4 Nd7 13. Ng3 Nc5 14. g5 Bxb3 15.
gxh6 g6 16. axb3 Nxb3 17. h4 Nxa1 18. h7+ Kh8 19. h5 Qf6 20. Bg5 Qe6 21. Nh4
Nb3 22. Qf3 f6 23. Bh6 g5 24. Ng6+ Kxh7 25. Nxf8+ Rxf8 26. Bxf8 Nc5 27. h6 Nd7
28. Bg7 Ne7 29. Nh5 Ng8 30. Kf1 c6 31. Kg2 a5 32. Kg3 a4 33. Kg2 Bd8 34. d4 Nb6
35. dxe5 dxe5 36. Bf8 g4 37. Qd3 Be7 38. Bxe7 Qxe7 39. Ng7 Qf7 40. Nf5 Ne7 41.
Qd8 Nxf5 42. Qxb6 Nxh6 43. Qxc6 Qg6 44. Qb7+ Kg8 45. Rd1 Nf7 46. Qc8+ Kg7 47.
Qf5 Ng5 48. Qxg6+ Kxg6 49. Rd5 Nxe4 50. Rxb5 Nd2 51. Rb4 f5 52. c4 f4 53. c5
Kf5 54. c6 Ke6 55. Rb8 1-0

[Event "Europa ch 2014"]
[Site "Yerevan ARM"]
[Date "2014.03.05"]
[Round "3.68"]
[White "Halkias, Stelios"]
[Black "Musalov, Ruslan"]
[Result "1/2-1/2"]
[WhiteElo "2551"]
[BlackElo "2340"]
[PlyCount "113"]
[EventDate "2014.03.03"]
[EventType "swiss"]
[EventRounds "11"]
[EventCountry "ARM"]
[Source "lmi"]
[SourceDate "2014.03.02"]

1. d4 Nf6 2. c4 e6 3. Nf3 Bb4+ 4. Bd2 Qe7 5. g3 Bxd2+ 6. Qxd2 O-O 7. Bg2 d6 8.
Nc3 e5 9. O-O c6 10. e4 Bg4 11. Nh4 Be6 12. b3 c5 13. d5 Bc8 14. Rae1 Ne8 15.
Re3 g6 16. Qe1 a6 17. a4 b6 18. f4 f6 19. Bf3 Ra7 20. Be2 Qd8 21. f5 g5 22. Ng2
Ng7 23. g4 Ne8 24. h4 h6 25. Rh3 Rg7 26. Kf2 Kf7 27. Rfh1 Ke7 28. hxg5 hxg5 29.
Ne3 a5 30. Rh6 Qd7 31. R1h3 Kd8 32. Qh1 Qe7 33. Nf1 Rfg8 34. Ng3 Ba6 35. Nd1
Nd7 36. Ne3 Nf8 37. Bd3 Bc8 38. Ne2 Rf7 39. Nc3 Rgg7 40. Nb5 Rh7 41. Nf1 Rxh6
42. Rxh6 Rh7 43. Rh5 Ba6 44. Nc3 Qg7 45. Ng3 Qh8 46. Nd1 Ng7 47. Rxh7 Qxh7 48.
Nh5 Bc8 49. Ne3 Ne8 50. Be2 Bd7 51. Kg2 Bc8 52. Qc1 Qe7 53. Nf1 Qh7 54. Nh2 Qh6
55. Nf1 Nh7 56. Ne3 Bd7 57. Qe1 1/2-1/2

[Event "Europa ch 2014"]
[Site "Yerevan ARM"]
[Date "2014.03.05"]
[Round "3.69"]
[White "Dzagnidze, Nana"]
[Black "Morchiashvili, Bachana"]
[Result "1-0"]
[WhiteElo "2546"]
[BlackElo "2335"]
[PlyCount "67"]
[EventDate "2014.03.03"]
[EventType "swiss"]
[EventRounds "11"]
[EventCountry "ARM"]
[Source "lmi"]
[SourceDate "2014.03.02"]

1. c4 Nf6 2. Nf3 g6 3. Nc3 Bg7 4. g3 O-O 5. Bg2 c6 6. e4 d6 7. O-O e5 8. b4 Be6
9. d3 h6 10. Rb1 Nbd7 11. Re1 d5 12. exd5 cxd5 13. Nd2 Nb6 14. c5 d4 15. Nce4
Nbd5 16. Nxf6+ Qxf6 17. Ne4 Qe7 18. Bd2 Nc7 19. f4 Bxa2 20. Rb2 Bd5 21. fxe5
Bxe4 22. Bxe4 Nb5 23. e6 Nc3 24. Qb3 fxe6 25. Bxg6 Nd5 26. Bf4 Qd7 27. Bd6 Rf6
28. Be4 Ne3 29. Rbe2 Qf7 30. Qb1 h5 31. Be5 Rh6 32. Bf4 Rf6 33. Bg5 Rg6 34. Bf4
1-0

[Event "Europa ch 2014"]
[Site "Yerevan ARM"]
[Date "2014.03.05"]
[Round "3.70"]
[White "Salomon, Johan"]
[Black "Kotanjian, Tigran"]
[Result "0-1"]
[WhiteElo "2340"]
[BlackElo "2531"]
[PlyCount "96"]
[EventDate "2014.03.03"]
[EventType "swiss"]
[EventRounds "11"]
[EventCountry "ARM"]
[Source "lmi"]
[SourceDate "2014.03.02"]

1. e4 c5 2. Nf3 d6 3. d4 cxd4 4. Qxd4 Nc6 5. Bb5 Bd7 6. Qd3 g6 7. c4 Bg7 8. Nc3
Nf6 9. h3 O-O 10. O-O a6 11. Bxc6 Bxc6 12. Nd4 Nd7 13. Be3 Ne5 14. Qe2 Rc8 15.
Rac1 Bd7 16. b3 f5 17. exf5 gxf5 18. Nd5 e6 19. Nf4 Qe7 20. Rcd1 Ng6 21. Nxg6
hxg6 22. Qd2 b5 23. Bg5 Qf7 24. cxb5 e5 25. Nc6 Bxc6 26. bxc6 Rxc6 27. Qa5 f4
28. Qa4 Rfc8 29. Qe4 Qf5 30. Qd5+ Kh7 31. Be7 Qd7 32. Bh4 Rb8 33. a4 Qb7 34.
Rd3 Rb6 35. Qe6 d5 36. Qxd5 Rxb3 37. Qxb7 R8xb7 38. Rd6 R3b6 39. Rfd1 e4 40.
Bg5 Rxd6 41. Rxd6 Rb1+ 42. Kh2 Be5 43. Rd2 e3 44. Rd7+ Kg8 45. Rd8+ Kf7 46. f3
e2 47. Bh4 Bf6 48. Rd7+ Ke6 0-1

[Event "Europa ch 2014"]
[Site "Yerevan ARM"]
[Date "2014.03.05"]
[Round "3.71"]
[White "Nigalidze, Gaioz"]
[Black "Vardanian, Haik G"]
[Result "1/2-1/2"]
[WhiteElo "2527"]
[BlackElo "2327"]
[PlyCount "63"]
[EventDate "2014.03.03"]
[EventType "swiss"]
[EventRounds "11"]
[EventCountry "ARM"]
[Source "lmi"]
[SourceDate "2014.03.02"]

1. d4 d5 2. c4 c6 3. Nf3 Nf6 4. Nc3 a6 5. e3 b5 6. b3 Bg4 7. Bd2 Nbd7 8. h3
Bxf3 9. Qxf3 b4 10. Na4 e5 11. dxe5 Ne4 12. Qf4 g5 13. Qf5 Qe7 14. cxd5 cxd5
15. Rc1 h5 16. Bxa6 Rh6 17. Bb5 Re6 18. Rc7 Rd8 19. Ke2 Rxe5 20. Qxd7+ Rxd7 21.
Nb6 f5 22. Nxd7 Kd8 23. Rhc1 Nc3+ 24. R7xc3 bxc3 25. Bxc3 Qa3 26. Bxe5 Qxc1 27.
Nxf8 Qc2+ 28. Ke1 Qc1+ 29. Ke2 Qc2+ 30. Ke1 Qc1+ 31. Ke2 Qc2+ 32. Ke1 1/2-1/2

[Event "Europa ch 2014"]
[Site "Yerevan ARM"]
[Date "2014.03.05"]
[Round "3.72"]
[White "Petrosyan, Manuel"]
[Black "Can, Emre"]
[Result "0-1"]
[WhiteElo "2336"]
[BlackElo "2524"]
[PlyCount "118"]
[EventDate "2014.03.03"]
[EventType "swiss"]
[EventRounds "11"]
[EventCountry "ARM"]
[Source "lmi"]
[SourceDate "2014.03.02"]

1. d4 Nf6 2. c4 e6 3. g3 c5 4. d5 exd5 5. cxd5 d6 6. Nc3 g6 7. Bg2 Bg7 8. Nf3
O-O 9. O-O Re8 10. Nd2 a6 11. a4 Nbd7 12. h3 Nh5 13. Nde4 Qc7 14. Kh2 Rb8 15.
a5 b5 16. axb6 Rxb6 17. Qc2 Qb8 18. Ra3 f5 19. Ng5 Nf8 20. b3 Bd7 21. Na4 Rb4
22. Nb2 h6 23. Nf3 Nf6 24. Ne1 Rd4 25. e3 Rxd5 26. Nc4 Bb5 27. Bxd5+ Nxd5 28.
Qd2 Nf6 29. Bb2 N8d7 30. Rg1 d5 31. Na5 d4 32. Nc4 Bxc4 33. bxc4 Ne5 34. Ba1
Ne4 35. Qc2 Qb4 36. Ra4 Qd2 37. Qxd2 Nxd2 38. Rxa6 Ndf3+ 39. Nxf3 Nxf3+ 40. Kg2
Nxg1 41. Kxg1 dxe3 42. fxe3 Bxa1 43. Rxa1 Rxe3 44. Ra5 Rxg3+ 45. Kh2 Re3 46.
Rxc5 Kf7 47. h4 Kf6 48. Rc6+ Re6 49. Rc5 g5 50. Kg3 Re3+ 51. Kf2 Re4 52. Rc6+
Ke5 53. h5 Kf4 54. Rxh6 Rxc4 55. Ra6 g4 56. h6 Rc2+ 57. Kg1 Rc7 58. Kg2 Kg5 59.
Kg3 Rc3+ 0-1

[Event "Europa ch 2014"]
[Site "Yerevan ARM"]
[Date "2014.03.05"]
[Round "3.73"]
[White "Rozhko, Dmitry"]
[Black "Lie, Kjetil A"]
[Result "0-1"]
[WhiteElo "2335"]
[BlackElo "2509"]
[PlyCount "110"]
[EventDate "2014.03.03"]
[EventType "swiss"]
[EventRounds "11"]
[EventCountry "ARM"]
[Source "lmi"]
[SourceDate "2014.03.02"]

1. d4 d6 2. Nf3 g6 3. e4 Bg7 4. c3 Nd7 5. Bc4 e6 6. Bg5 Ne7 7. O-O h6 8. Be3 d5
9. exd5 exd5 10. Bd3 O-O 11. Na3 Nf6 12. Bf4 Nh5 13. Qd2 Nxf4 14. Qxf4 Bf5 15.
Bxf5 Nxf5 16. Rfe1 c6 17. Nc2 h5 18. h3 Bh6 19. Qe5 Qd7 20. Qe2 Rfe8 21. Qd3
Bf4 22. g3 Bc7 23. Kg2 Qd6 24. Re5 Qf6 25. Rxe8+ Rxe8 26. Re1 Rxe1 27. Ncxe1
Nd6 28. Nd2 Nf5 29. Nef3 Qe6 30. Nf1 b5 31. b3 a5 32. a4 bxa4 33. bxa4 Nd6 34.
Qe3 Nc4 35. Qh6 Nb6 36. Ng5 Qf6 37. Nf3 Nxa4 38. Qe3 Qe6 39. Qd3 Kg7 40. N1d2
Nb6 41. Qa6 a4 42. Ne5 Bxe5 43. dxe5 c5 44. Qb5 Nd7 45. f4 a3 46. Qa4 Qf5 47.
Nf1 Qe4+ 48. Qxe4 dxe4 49. Ne3 Nb6 50. Nc2 a2 51. Kf2 Nc4 52. g4 h4 53. Ke2 g5
54. f5 Nxe5 55. Ke3 Nxg4+ 0-1

[Event "Europa ch 2014"]
[Site "Yerevan ARM"]
[Date "2014.03.05"]
[Round "3.74"]
[White "Neverov, Valeriy"]
[Black "Deac, Bogdan-Daniel"]
[Result "1/2-1/2"]
[WhiteElo "2508"]
[BlackElo "2322"]
[PlyCount "46"]
[EventDate "2014.03.03"]
[EventType "swiss"]
[EventRounds "11"]
[EventCountry "ARM"]
[Source "lmi"]
[SourceDate "2014.03.02"]

1. c4 e6 2. d4 Nf6 3. Nf3 d5 4. Nc3 Nbd7 5. cxd5 exd5 6. Bg5 c6 7. e3 Be7 8.
Bd3 Nh5 9. Bxe7 Qxe7 10. O-O g6 11. e4 dxe4 12. Bxe4 O-O 13. Re1 Qd8 14. d5
cxd5 15. Bxd5 Nhf6 16. Ng5 Nxd5 17. Qxd5 Nf6 18. Qe5 Re8 19. Qb5 Rxe1+ 20. Rxe1
h6 21. Nf3 b6 22. Qe5 Be6 23. h3 Rc8 1/2-1/2

[Event "Europa ch 2014"]
[Site "Yerevan ARM"]
[Date "2014.03.05"]
[Round "3.75"]
[White "Quparadze, Giga"]
[Black "Aharon, Ofir"]
[Result "1-0"]
[WhiteElo "2507"]
[BlackElo "2316"]
[PlyCount "135"]
[EventDate "2014.03.03"]
[EventType "swiss"]
[EventRounds "11"]
[EventCountry "ARM"]
[Source "lmi"]
[SourceDate "2014.03.02"]

1. e4 c5 2. Nf3 g6 3. c4 Nc6 4. d4 cxd4 5. Nxd4 Nf6 6. Nc3 d6 7. Be2 Nxd4 8.
Qxd4 Bg7 9. Be3 O-O 10. Qd2 a5 11. f3 a4 12. O-O Qa5 13. Rab1 Be6 14. Rfc1 Rfc8
15. Nb5 Qxd2 16. Bxd2 Nd7 17. Be3 Ne5 18. b3 axb3 19. axb3 Nc6 20. f4 Ra2 21.
Bf3 Nb4 22. Nc3 Rc2 23. Na4 Ra2 24. Nb6 Re8 25. Rd1 f5 26. Bd4 fxe4 27. Bxe4
Bg4 28. Bf3 Bf5 29. Bxg7 Bxb1 30. Bc3 Bc2 31. Rd2 Ra6 32. Nc8 Nc6 33. Nxe7+
Rxe7 34. Rxc2 Ra3 35. Kf2 Kf8 36. Bxc6 bxc6 37. Bb4 Rxb3 38. Bxd6 Kf7 39. Bxe7
Kxe7 40. Ra2 h5 41. Ra7+ Ke6 42. Rc7 Kf5 43. Rxc6 h4 44. g3 h3 45. Rc5+ Ke4 46.
Re5+ Kd4 47. c5 Rc3 48. g4 g5 49. Rxg5 Ke4 50. Rf5 Rf3+ 51. Ke2 Re3+ 52. Kd2
Rd3+ 53. Kc2 Rd8 54. Kc3 Kf3 55. g5 Kg2 56. g6 Kxh2 57. Rh5 Kg3 58. f5 Rg8 59.
Kc4 Kg4 60. Rh7 Kxf5 61. Rxh3 Rxg6 62. Re3 Rg1 63. c6 Rc1+ 64. Kb5 Kf6 65. Kb6
Rb1+ 66. Ka6 Ra1+ 67. Kb7 Rb1+ 68. Kc8 1-0

[Event "Europa ch 2014"]
[Site "Yerevan ARM"]
[Date "2014.03.05"]
[Round "3.76"]
[White "Zoler, Dan"]
[Black "Khachatryan, Vahagn"]
[Result "1-0"]
[WhiteElo "2504"]
[BlackElo "2278"]
[PlyCount "87"]
[EventDate "2014.03.03"]
[EventType "swiss"]
[EventRounds "11"]
[EventCountry "ARM"]
[Source "lmi"]
[SourceDate "2014.03.02"]

1. d4 d5 2. c4 c6 3. Nf3 Nf6 4. Qb3 dxc4 5. Qxc4 Bf5 6. g3 Nbd7 7. Bg2 Nb6 8.
Qb3 Bxb1 9. Rxb1 Qd5 10. O-O Qxb3 11. axb3 e6 12. Ne5 Bd6 13. Nc4 Bc7 14. Bd2
O-O-O 15. e3 e5 16. Bc3 Nfd5 17. Nxe5 Bxe5 18. dxe5 Nxc3 19. bxc3 Rhe8 20. f4
Rd3 21. Kf2 Rxc3 22. Rfc1 Rxc1 23. Rxc1 Rd8 24. Ke2 Nd5 25. Be4 h6 26. h4 a5
27. Rc5 Kc7 28. Rxa5 Nc3+ 29. Kf3 Kb6 30. Ra1 Kb5 31. g4 Nxe4 32. Kxe4 Kb4 33.
f5 c5 34. g5 hxg5 35. hxg5 g6 36. f6 Rb8 37. Rd1 Kxb3 38. Rd7 b5 39. Rxf7 b4
40. e6 Kc3 41. Rh7 b3 42. Rh1 b2 43. f7 Ra8 44. Rb1 1-0

[Event "Europa ch 2014"]
[Site "Yerevan ARM"]
[Date "2014.03.05"]
[Round "3.77"]
[White "Aghasaryan, Robert"]
[Black "Sibashvili, Giorgi"]
[Result "0-1"]
[WhiteElo "2503"]
[BlackElo "2239"]
[PlyCount "104"]
[EventDate "2014.03.03"]
[EventType "swiss"]
[EventRounds "11"]
[EventCountry "ARM"]
[Source "lmi"]
[SourceDate "2014.03.02"]

1. d4 Nf6 2. c4 e6 3. Nc3 Bb4 4. f3 c5 5. a3 Bxc3+ 6. bxc3 Nc6 7. e4 d6 8. Be3
O-O 9. Ne2 b6 10. Nc1 e5 11. Nb3 Qe7 12. Be2 Ne8 13. O-O Kh8 14. Bd3 f5 15.
dxc5 dxc5 16. exf5 Bxf5 17. Bxf5 Rxf5 18. a4 Nd6 19. Qd5 e4 20. Qxc6 Rc8 21.
Qxc8+ Nxc8 22. f4 Nd6 23. Nd2 Rf8 24. a5 h6 25. Rfe1 Qe6 26. axb6 axb6 27. Ra6
Rb8 28. Bf2 Qf7 29. Bg3 Qb7 30. Raa1 Re8 31. Bf2 Qf7 32. g3 Nxc4 33. Nxc4 Qxc4
34. Re3 b5 35. f5 Qd5 36. g4 b4 37. cxb4 cxb4 38. Rb1 Ra8 39. Rxb4 Qd1+ 40. Kg2
Qxg4+ 41. Rg3 Qf4 42. Rb2 Rd8 43. Be1 Qxf5 44. Rf2 Qd5 45. Re3 Kg8 46. h4 Rf8
47. Rxf8+ Kxf8 48. Bf2 Kf7 49. Kg3 Kg6 50. Kg2 Kf5 51. Kg3 Qd1 52. Kg2 Kf4 0-1

[Event "Europa ch 2014"]
[Site "Yerevan ARM"]
[Date "2014.03.05"]
[Round "3.78"]
[White "Kursova, Maria"]
[Black "Stupak, Kirill"]
[Result "1-0"]
[WhiteElo "2326"]
[BlackElo "2498"]
[PlyCount "139"]
[EventDate "2014.03.03"]
[EventType "swiss"]
[EventRounds "11"]
[EventCountry "ARM"]
[Source "lmi"]
[SourceDate "2014.03.02"]

1. d4 e6 2. c4 Bb4+ 3. Bd2 a5 4. Nf3 d6 5. g3 Nc6 6. Nc3 Nf6 7. a3 Bxc3 8. Bxc3
Ne4 9. Rc1 a4 10. d5 Nxc3 11. Rxc3 Nb8 12. dxe6 fxe6 13. c5 d5 14. e4 O-O 15.
h4 Nd7 16. Bh3 Nf6 17. Ng5 d4 18. Rc4 e5 19. Bxc8 Qxc8 20. Rxa4 Rxa4 21. Qxa4
Qd7 22. Qc4+ Kh8 23. f3 h6 24. g4 Nxg4 25. fxg4 Qxg4 26. Nf7+ Rxf7 27. Qxf7
Qxe4+ 28. Kf2 Qxh1 29. Qf8+ Kh7 30. Qf5+ Kg8 31. Qe6+ Kf8 32. Qf5+ Ke7 33.
Qxe5+ Kd7 34. Qxg7+ Kc6 35. Qxd4 Qh2+ 36. Ke3 Qh3+ 37. Ke2 Qg2+ 38. Kd3 Qf3+
39. Kc4 Qf1+ 40. Kc3 Qe1+ 41. Kb3 h5 42. Qf6+ Kxc5 43. Qf5+ Kd6 44. Qxh5 Qe3+
45. Ka2 Qe6+ 46. b3 Qe4 47. Qh6+ Ke7 48. Qg7+ Ke6 49. Qxc7 Qe2+ 50. Kb1 Qd1+
51. Kb2 Qd2+ 52. Qc2 Qd4+ 53. Qc3 Qf2+ 54. Kc1 Qxh4 55. Qc8+ Kd6 56. Qxb7 Qf4+
57. Kc2 Qf5+ 58. Kd2 Qf2+ 59. Kd3 Qf1+ 60. Kc3 Qe1+ 61. Kc4 Qc1+ 62. Kb4 Qc5+
63. Ka4 Qc2 64. Qb6+ Kd7 65. Qb5+ Kd6 66. Ka5 Qg2 67. b4 Kc7 68. Qb6+ Kd7 69.
a4 Qd5+ 70. Qb5+ 1-0

[Event "Europa ch 2014"]
[Site "Yerevan ARM"]
[Date "2014.03.05"]
[Round "3.79"]
[White "Babujian, Levon"]
[Black "Tiraturyan, David"]
[Result "1-0"]
[WhiteElo "2491"]
[BlackElo "2201"]
[PlyCount "77"]
[EventDate "2014.03.03"]
[EventType "swiss"]
[EventRounds "11"]
[EventCountry "ARM"]
[Source "lmi"]
[SourceDate "2014.03.02"]

1. b3 d6 2. Bb2 e5 3. c4 Nf6 4. e3 Be7 5. Nf3 O-O 6. d4 exd4 7. Nxd4 d5 8. Nc3
c5 9. Nf3 Be6 10. Be2 dxc4 11. bxc4 Nc6 12. O-O Qb6 13. Qc2 Nb4 14. Qb1 Bg4 15.
a3 Nc6 16. Nd5 Nxd5 17. cxd5 Na5 18. Rd1 Bxf3 19. Bxf3 Nc4 20. Ra2 Qh6 21. Ba1
Bd6 22. g3 Rab8 23. Be2 Ne5 24. f4 Ng6 25. e4 Nxf4 26. gxf4 Qxf4 27. Bf1 f5 28.
Rf2 Qxe4 29. Bd3 Qe3 30. Rdd2 Rbe8 31. Rde2 Qh6 32. Rg2 g6 33. Qb2 Re3 34. Bc4
b5 35. Qh8+ Kf7 36. Qf6+ Kg8 37. Qxd6 bxc4 38. Bf6 Qh3 39. Be5 1-0

[Event "Europa ch 2014"]
[Site "Yerevan ARM"]
[Date "2014.03.05"]
[Round "3.80"]
[White "Galojan, Lilit"]
[Black "Raznikov, Danny"]
[Result "0-1"]
[WhiteElo "2317"]
[BlackElo "2490"]
[PlyCount "146"]
[EventDate "2014.03.03"]
[EventType "swiss"]
[EventRounds "11"]
[EventCountry "ARM"]
[Source "lmi"]
[SourceDate "2014.03.02"]

1. d4 d5 2. c4 c6 3. Nf3 Nf6 4. Nc3 dxc4 5. a4 Bf5 6. e3 e6 7. Bxc4 Bb4 8. O-O
Nbd7 9. Qe2 O-O 10. e4 Bg4 11. Bf4 Qe7 12. Bd3 Bxf3 13. Qxf3 e5 14. dxe5 Nxe5
15. Bxe5 Qxe5 16. Rad1 Bxc3 17. bxc3 Qxc3 18. Qg3 Rfe8 19. Rfe1 Rad8 20. e5 g6
21. h4 Nh5 22. Qe3 Rd5 23. f4 Red8 24. e6 fxe6 25. Qxe6+ Kh8 26. Qf7 Qd4+ 27.
Kh1 Qf6 28. Re8+ Rxe8 29. Qxe8+ Kg7 30. Be2 Nxf4 31. Rxd5 Qxh4+ 32. Kg1 Nxd5
33. Bf3 Qe7 34. Qb8 a6 35. a5 Nf6 36. Qa7 Kf7 37. Qb6 h5 38. Qb3+ Kg7 39. Qc3
h4 40. Kf1 Qd7 41. Kg1 Qe7 42. Kf1 Kh7 43. Qd4 Ne8 44. Qa7 Qd7 45. Qf2 Qd8 46.
Qa7 Nd6 47. Bxc6 Qxa5 48. Bf3 Qc7 49. Qa8 h3 50. gxh3 Ne4 51. Ke2 Qe7 52. Kd3
Nc5+ 53. Kc2 Qf7 54. Bg4 Qb3+ 55. Kd2 Qd3+ 56. Kc1 Qc3+ 57. Kd1 Qb3+ 58. Ke2
Qd3+ 59. Ke1 Qe4+ 60. Kd2 Qd5+ 61. Kc2 Kg7 62. Qc8 Qc4+ 63. Kd1 Qd4+ 64. Ke2
Qe5+ 65. Kd1 Qd6+ 66. Ke2 b5 67. Qe8 Qd3+ 68. Ke1 Qe4+ 69. Qxe4 Nxe4 70. Ke2
Kf6 71. Ke3 Ke5 72. Be2 g5 73. Kd3 Nf2+ 0-1

[Event "Europa ch 2014"]
[Site "Yerevan ARM"]
[Date "2014.03.05"]
[Round "3.81"]
[White "Firat, Burak"]
[Black "Hovhannisyan, Karen"]
[Result "1-0"]
[WhiteElo "2480"]
[BlackElo "2188"]
[PlyCount "55"]
[EventDate "2014.03.03"]
[EventType "swiss"]
[EventRounds "11"]
[EventCountry "ARM"]
[Source "lmi"]
[SourceDate "2014.03.02"]

1. e4 c6 2. d4 d5 3. Nc3 dxe4 4. Nxe4 Nd7 5. Bc4 Ngf6 6. Ng5 e6 7. Qe2 Nb6 8.
Bb3 h6 9. N5f3 a5 10. a4 Nbd5 11. c3 Qb6 12. Bc4 c5 13. Ne5 cxd4 14. Bb5+ Nd7
15. Qh5 g6 16. Qf3 Rh7 17. Ne2 dxc3 18. Nxc3 Nxc3 19. bxc3 Bd6 20. Nc4 Qc7 21.
Nxd6+ Qxd6 22. O-O Qd5 23. Qg3 Kd8 24. Ba3 Qe5 25. f4 Qf5 26. Rad1 b6 27. Qh4+
f6 28. Bd3 1-0

[Event "Europa ch 2014"]
[Site "Yerevan ARM"]
[Date "2014.03.05"]
[Round "3.82"]
[White "Petenyi, Tamas"]
[Black "Cerbulenco, Liviu"]
[Result "1-0"]
[WhiteElo "2468"]
[BlackElo "2160"]
[PlyCount "155"]
[EventDate "2014.03.03"]
[EventType "swiss"]
[EventRounds "11"]
[EventCountry "ARM"]
[Source "lmi"]
[SourceDate "2014.03.02"]

1. e4 e5 2. Nf3 Nc6 3. Bb5 a6 4. Ba4 Nf6 5. Nc3 b5 6. Bb3 Be7 7. d3 O-O 8. h3
d6 9. a4 b4 10. Nd5 Na5 11. Nxf6+ Bxf6 12. Ba2 Rb8 13. Nd2 Bg5 14. Nc4 Nxc4 15.
Bxc4 a5 16. O-O Qf6 17. Bxg5 Qxg5 18. Qc1 Qxc1 19. Raxc1 g5 20. Rfe1 Kg7 21.
Rcd1 c5 22. Bb5 Rd8 23. b3 f5 24. exf5 Bxf5 25. Bc4 Rf8 26. Re3 Bd7 27. d4 cxd4
28. Rxd4 exd4 29. Re7+ Kf6 30. Rxd7 Rfc8 31. Rxd6+ Ke7 32. Rxd4 Rc5 33. Re4+
Kf8 34. Re6 Re8 35. Rf6+ Kg7 36. Ra6 Re1+ 37. Kh2 Rc1 38. Bd3 h5 39. g3 Re5 40.
Kg2 Rc5 41. Rg6+ Kf7 42. Rh6 h4 43. gxh4 gxh4 44. Rxh4 Kf6 45. Rh6+ Kg7 46.
Rg6+ Kf7 47. h4 Re1 48. Ra6 Kg7 49. Bg6 Ree5 50. Kg3 Re1 51. h5 Rg1+ 52. Kf4
Rcg5 53. f3 Rc5 54. Bf5 Rh1 55. Bg6 Rg1 56. Rb6 Rg2 57. Rb5 Rgg5 58. Rb7+ Kf6
59. Rb6+ Ke7 60. h6 Rg1 61. h7 Rc8 62. Bd3 Rf8+ 63. Ke3 Rg3 64. Be4 Rg5 65. Rb5
Kf6 66. f4 Rg3+ 67. Kf2 Rh3 68. Rxa5 Kg7 69. Rf5 Re8 70. Bd3 Rh2+ 71. Kg3 Rh1
72. a5 Re3+ 73. Kf2 Reh3 74. Rg5+ Kf6 75. a6 R3h2+ 76. Rg2 Rh5 77. a7 Ra5 78.
Rg8 1-0

[Event "Europa ch 2014"]
[Site "Yerevan ARM"]
[Date "2014.03.05"]
[Round "3.83"]
[White "Chudinovskikh, Alexander M"]
[Black "Danielian, Elina"]
[Result "1/2-1/2"]
[WhiteElo "2280"]
[BlackElo "2467"]
[PlyCount "188"]
[EventDate "2014.03.03"]
[EventType "swiss"]
[EventRounds "11"]
[EventCountry "ARM"]
[Source "lmi"]
[SourceDate "2014.03.02"]

1. e4 c6 2. Nf3 d5 3. Nc3 Bg4 4. h3 Bxf3 5. Qxf3 e6 6. g3 Nf6 7. Bg2 Nbd7 8. d3
d4 9. Nb1 Bb4+ 10. Nd2 h5 11. a3 Be7 12. Qe2 h4 13. gxh4 e5 14. Nf3 Nf8 15. c3
dxc3 16. bxc3 Ng6 17. d4 Qa5 18. O-O Nh5 19. Nxe5 Nxe5 20. dxe5 Qxe5 21. Rb1 b6
22. Qg4 Rd8 23. Be3 Bd6 24. Rfd1 c5 25. Rd3 Nf6 26. Qe2 Nxe4 27. Rbd1 f5 28.
Bg5 O-O 29. f4 Qe6 30. Bxd8 Rxd8 31. Rd5 c4 32. Bxe4 fxe4 33. f5 Qe7 34. Kg2 b5
35. Qe3 Bc7 36. Qg5 Re8 37. Qxe7 Rxe7 38. Rd7 Rxd7 39. Rxd7 Ba5 40. Rxa7 Bxc3
41. Rb7 Bb2 42. Rxb5 Bxa3 43. Rb7 Bd6 44. Rd7 Bf4 45. Rd4 c3 46. Rc4 Bd2 47.
Rc7 Kf8 48. Kf2 Ke8 49. Ke2 Kd8 50. Rc4 Ke7 51. Rxe4+ Kf6 52. Rg4 Bh6 53. Kd3
Kxf5 54. Kxc3 Kf6 55. h5 Kf7 56. Kd4 Kg8 57. Kd5 Kh7 58. Ke6 Bd2 59. Rg6 Bc3
60. Kf7 Bb2 61. h4 Bc3 62. h6 gxh6 63. h5 Bb2 64. Rb6 Bc3 65. Rb7 Bd4 66. Rd7
Bb2 67. Kf8+ Kh8 68. Rf7 Ba3+ 69. Ke8 Kg8 70. Rf3 Bb2 71. Ke7 Kg7 72. Rg3+ Kh7
73. Ke6 Bc1 74. Rc3 Bd2 75. Rc7+ Kg8 76. Rc2 Be3 77. Rc3 Bd2 78. Rd3 Bg5 79.
Rf3 Kg7 80. Rf5 Kg8 81. Kd7 Kg7 82. Kd6 Kg8 83. Ke6 Kg7 84. Rb5 Kg8 85. Rb7 Kf8
86. Rb8+ Kg7 87. Rc8 Bd2 88. Rc2 Bg5 89. Rf2 Bh4 90. Kf5 Bxf2 91. Kg4 Kf6 92.
Kf3 Bc5 93. Kg2 Kg5 94. Kh1 Kxh5 1/2-1/2

[Event "Europa ch 2014"]
[Site "Yerevan ARM"]
[Date "2014.03.05"]
[Round "3.84"]
[White "Torosyan, Norayr"]
[Black "Sipila, Vilka"]
[Result "1/2-1/2"]
[WhiteElo "2216"]
[BlackElo "2457"]
[PlyCount "106"]
[EventDate "2014.03.03"]
[EventType "swiss"]
[EventRounds "11"]
[EventCountry "ARM"]
[Source "lmi"]
[SourceDate "2014.03.02"]

1. e4 e5 2. Nf3 Nc6 3. d4 exd4 4. Nxd4 Bc5 5. Nxc6 bxc6 6. Bd3 d6 7. O-O Nf6 8.
h3 Nd7 9. Kh2 Ne5 10. Be2 h5 11. Qe1 Qf6 12. f4 Ng4+ 13. Kh1 Ne3 14. Bxe3 Bxe3
15. c3 g5 16. e5 dxe5 17. fxe5 Qxe5 18. Bf3 Rh6 19. Na3 Qe7 20. Nc4 Bf4 21. Qf2
Kf8 22. Rae1 Qf6 23. g3 Bd6 24. Bxc6 Qxf2 25. Rxf2 Rb8 26. Bd5 f5 27. Nxd6 Rxd6
28. Bf3 h4 29. gxh4 gxh4 30. Re5 a6 31. Rc5 Be6 32. b3 c6 33. c4 Ke7 34. Rxc6
Rxc6 35. Bxc6 Kd6 36. Bg2 a5 37. Rc2 a4 38. c5+ Kc7 39. bxa4 Rb1+ 40. Kh2 Ra1
41. Rf2 Rc1 42. c6 Rc4 43. Re2 Kd6 44. a5 Ra4 45. Rd2+ Kc7 46. Kg1 Rxa5 47. Rd4
Rxa2 48. Rxh4 Ra1+ 49. Kh2 Ra2 50. Kg3 Ra3+ 51. Kh2 Ra2 52. Rh7+ Kc8 53. Kg1
Ra1+ 1/2-1/2

[Event "Europa ch 2014"]
[Site "Yerevan ARM"]
[Date "2014.03.05"]
[Round "3.85"]
[White "Schreiner, Peter"]
[Black "Manukyan, Sargis A"]
[Result "1/2-1/2"]
[WhiteElo "2455"]
[BlackElo "2123"]
[PlyCount "155"]
[EventDate "2014.03.03"]
[EventType "swiss"]
[EventRounds "11"]
[EventCountry "ARM"]
[Source "lmi"]
[SourceDate "2014.03.02"]

1. d4 d5 2. c4 e6 3. Nf3 Nf6 4. g3 Be7 5. Bg2 O-O 6. O-O dxc4 7. Qc2 a6 8. Qxc4
b5 9. Qc2 Bb7 10. Bd2 Be4 11. Qc1 Nc6 12. Be3 Rc8 13. Nbd2 Bd5 14. Nb3 a5 15.
Rd1 Nb4 16. Nc5 Nxa2 17. Qb1 Ra8 18. Bg5 Nb4 19. e4 Bc6 20. Ne5 Be8 21. Nb7 Qb8
22. Nxa5 h6 23. Bf4 Nh5 24. Be3 c5 25. f4 Bd8 26. Nb3 Rxa1 27. Nxa1 cxd4 28.
Bxd4 Nc6 29. Nxc6 Bxc6 30. Qc2 Qb7 31. Rc1 Bd7 32. e5 Qb8 33. Bc5 Bb6 34. Bxb6
Qxb6+ 35. Qf2 Qxf2+ 36. Kxf2 g5 37. Rd1 Be8 38. Ke3 f6 39. Bh3 gxf4+ 40. gxf4
Kf7 41. Nb3 fxe5 42. fxe5 Ke7 43. Rf1 Rg8 44. Nd4 Rg5 45. Nf3 Rg8 46. Ra1 Bd7
47. Ra7 Rc8 48. Nd4 Rc5 49. Ke4 Ng7 50. Bf1 Kd8 51. Bxb5 Bxb5 52. Rxg7 Bc4 53.
Rg6 Bd5+ 54. Ke3 Rc1 55. Nxe6+ Bxe6 56. Rxe6 Rc2 57. Rxh6 Rxb2 58. h4 Ke7 59.
Kf4 Rf2+ 60. Kg5 Rg2+ 61. Kf5 Rf2+ 62. Kg6 Rg2+ 63. Kf5 Rf2+ 64. Ke4 Re2+ 65.
Kf4 Rf2+ 66. Ke3 Rf1 67. h5 Re1+ 68. Kd4 Rd1+ 69. Ke4 Re1+ 70. Kf5 Rf1+ 71. Kg6
Rg1+ 72. Kh7 Rg5 73. e6 Kf8 74. Rf6+ Ke7 75. Rh6 Kf8 76. e7+ Kxe7 77. Kh8 Kf7
78. Kh7 1/2-1/2